الرحالة جون باتريك 3

محفوظ في:

المؤلف الرئيسي: نسيم مقار.

التنسيق: كتاب

اللغة: Undetermined

منشور في: Miṣr matbaeat lajnat albayan alearbaa 1961

سلاسل: الرحالة فى السودان فى النصف الأول من القرن التاسع عشر الجزء الثالث

الوسوم: إضافة وسم

لا توجد وسوم, كن أول من يضع وسما على هذه التسجيلة!

رقم الطلب: C30 PATR

LEADER 00488nam a2200133Ia 4500
008 240404s9999||||xx |||||||||||||| ||und||
050 4 |a C30 PATR 
100 1 |a نسيم مقار. 
245 1 0 |a الرحالة جون باتريك 3  |c نسيم مقار 
264 1 |a Miṣr  |b matbaeat lajnat albayan alearbaa  |c 1961 
300 |a 68  |c 24 
490 0 |a الرحالة فى السودان فى النصف الأول من القرن التاسع عشر الجزء الثالث 
942 |2 lcc  |c BK 
999 |c 58139  |d 58139